| 000 | 00962caa a22002893u 4500 | ||
|---|---|---|---|
| 001 | 006320621 | ||
| 005 | 20140302112807.0 | ||
| 008 | 040420s1996 xxkad grb 000 0 ||| d | ||
| 020 | _a0255363745 | ||
| 040 |
_aUk _cUk |
||
| 082 | 0 | 4 |
_a381 _222 _bBUR |
| 100 | 1 |
_aBurke, Terry _935032 |
|
| 245 | 0 | 0 |
_aTrouble in store ? : _bUK retailing in the 1990 s / _cTerry Burke, J. R. Shackleton. |
| 250 | _a1st ed. | ||
| 260 |
_aLondon : _bInstitute of Economic Affairs, _c1996. |
||
| 300 |
_a92 p. : _bchart, tables ; _c22 cm. |
||
| 490 | 0 |
_aHobart paper ; _v130 |
|
| 504 | _aIncludes bibliographical reference. | ||
| 540 |
_aCurrent Copyright Fee: GBP12.30 _c0 _5Uk |
||
| 650 | 0 |
_aCommerce _931817 |
|
| 653 |
_bBUSADM _cFebruary2014 |
||
| 655 |
_vreading book _934232 |
||
| 690 | 7 |
_aManagement and Business Studies _2blcoll |
|
| 700 | 1 |
_aShackleton, J. R., _d1948- _935033 |
|
| 710 | 2 |
_aInstitute of Economic Affairs (Great Britain) _935034 |
|
| 942 |
_2ddc _k381 BUR |
||
| 999 |
_c18012 _d17984 |
||